Clic Distance entre Paris et... - Monde - 3 - Statistiques

Statistiques générales
  • Ce quiz a été pris 7 fois
  • Le résultat moyen est 6 sur 16
Statistiques - réponses
Hint Réponse % Correct
Vilnius 1700 km
100%
Tunis 1500 km
75%
Canberra 17000 km
75%
Nicosie 2950 km
50%
Vientiane 9250 km
50%
Nouakchott 3800 km
25%
Ouagadougou 4100 km
25%
Bichkek 5400 km
25%
Djibouti 5550 km
25%
Washington 6200 km
25%
Paramaribo 7200 km
25%
Katmandou 7250 km
25%
Port-au-Prince 7350 km
25%
Tegucigalpa 8800 km
25%
Port Moresby 14600 km
0%
Jérusalem 3350 km
0%
Aucun quiz correspondant
Distribution des résultats
% des personnes avec chaque résultat
Percentile par nombre de réponses
Votre historique - résultats
Vous n’avez pas pris ce quiz